| 000 | 00643nam a2200205 i 4500 | ||
|---|---|---|---|
| 001 | 130178 | ||
| 003 | ES-MaACL | ||
| 007 | t| | ||
| 008 | 070723s1938 sp ||||1| spa d | ||
| 100 | 1 |
_aZweig, Stefan, _d1881-1942 _9118562 |
|
| 245 | 1 | 4 |
_aLos ojos del hermano eterno / _cStefan Zweig ; traducción de Mario Verdaguer. |
| 250 | _a3ª ed. | ||
| 260 |
_aBarcelona : _bApolo, _c[1938] ( _fSobrinos de López Robert) |
||
| 300 |
_a78 p. ; _c19 cm. |
||
| 490 | 1 | _aBiblioteca Freya | |
| 700 | 1 |
_aVerdaguer, Mario. _9114001 |
|
| 830 | 0 |
_aBiblioteca Freya _9186807 |
|
| 852 |
_aES-MaACL _jE-2172 _bR.23237 |
||
| 999 |
_c130178 _d130178 |
||